000 01046nmm a2200301 a 4500
001 ocm0001683100
003 TR-IsHL
005 20201028170042.0
008 171226s2011 tu tur
007 cr cn
020 _a9789752699953
035 _a1683100
_b(N$T)
050 0 4 _aPL230
_b.T66 2011
090 0 4 _aPL230
_b.T66 2011
100 1 _aTongar, Hatice Kübra
245 1 0 _aEn güzel mevsim hangisi?
_h[electronic resource] /
_cHatice Kübra Tongar ; resimleyen Ercan Polat ; yayın yönetmeni Ömer Faruk Paksu ; editör Gülsüm Sezgin
260 _aİstanbul :
_bNesil Çocuk Yayınları,
_c2011
300 _a14 p.
650 4 _aDil ve Edebiyat
650 4 _aLanguage and Literature
650 0 _aÇocuk öyküleri, Türk
650 0 _aChildren's stories, Turkish
650 7 _aJUVENILE FICTION / General
_2bisacsh
700 1 _aPolat, Ercan
700 1 _aPaksu, Ömer Faruk
700 1 _aSezgin, Gülsüm
856 4 0 _uhttp://search.ebscohost.com/login.aspx?direct=true&scope=site&db=e011xww&AN=1683100
999 _c16072
_d16072